Química orgánica

Bibliographic Details
Main Author: Noller, Carl R
Format: Section = Libro
Language:Undetermined
Spanish
Published: México Centro Regional de Ayuda Técnica 1968
Edition:3a.ed.
Subjects:
LEADER 00452nam a2200181Ia 4500
008 240829s9999 xx 000 0 und d
040 |a BIBLIOTECA-RUSB/ 547 N793 
041 |a spa 
082 |a 547 N793 
100 1 |a Noller, Carl R 
245 1 0 |a Química orgánica 
250 |a 3a.ed. 
260 |a México  |b Centro Regional de Ayuda Técnica  |c 1968 
300 |a 613 p. :il. 
650 7 |a QUIMICA ORGANICA 
942 |c BK  |2 ddc 
991 |a TEXTO 
999 |c 2508